Catalog

Record Details

Catalog Search



Kleine Schriften zur Geschichte des Volkes Israel, Erster Band  Cover Image Book Book

Kleine Schriften zur Geschichte des Volkes Israel, Erster Band / Albrecht Alt

Alt, Albrecht (Author).

Record details

  • Physical Description: 357 s.
  • Publisher: München : C. H. Beck'sche Verlagsbuchhandlung, 1953.

Available copies

  • 1 of 1 copy available at Common Catalog SPOK.

Holds

  • 0 current holds with 1 total copy.
Show Only Available Copies
Location Call Number / Copy Notes Barcode Shelving Location Status Due Date
ETS Library 221.04 424470014581 Volný výběr Available -

LDR 00723nam a22002297a 4500
00132967
003CZ-PrJAB
00520160505202035.0
008131010s1953 gw ||||e||||||||||||und||
035 . ‡a(CONS)11919
035 . ‡a(CZ PrCU)001732206
040 . ‡aABD001 ‡bcze
082 . ‡a221.04
1001 . ‡aAlt, Albrecht ‡4aut
24510. ‡aKleine Schriften zur Geschichte des Volkes Israel, Erster Band / ‡cAlbrecht Alt
260 . ‡aMünchen : ‡bC. H. Beck'sche Verlagsbuchhandlung, ‡c1953.
300 . ‡a357 s.
8524 . ‡bETS ‡bETS ‡cVolný výběr ‡j221.04 ‡p424470014581 ‡y$50.00
910 . ‡aABG450
993 1. ‡1FF02 ‡2LUSJ1 ‡3Č-Alt-1/2/b ‡6Č-sine ‡550-250741 ‡f01 ‡mBOOK ‡w001732213 ‡x000010
997 . ‡aBK
999 . ‡a11919 ‡c11919 ‡tbiblio
905 . ‡uadmin
901 . ‡a32967 ‡b ‡c32967 ‡tbiblio ‡sets

Additional Resources